[Event "22PCR_F"]
[Site "?"]
[Date "2010.??.??"]
[Round "?"]
[White "Bultman, Milan"]
[Black "Chvojka, Jaroslav"]
[Result "1-0"]
[WhiteElo "2105"]
[BlackElo "2132"]
[PlyCount "99"]
[EventDate "2010.??.??"]
[EventType "corr"]

1. d4 Nf6 2. Nf3 g6 3. c4 c5 4. Nc3 cxd4 5. Nxd4 d6 6. g3 Bd7 7. Bg2 Nc6 8. O-O
Bg7 9. Nxc6 bxc6 10. c5 d5 11. e4 dxe4 12. Nxe4 Nd5 13. Nc3 e6 14. Qa4 O-O 15.
Bd2 Rb8 16. Rab1 Qe7 17. Qa3 Bd4 18. Ne4 f5 19. Nd6 Qg7 20. b4 f4 21. Rb3 g5
22. Rd3 h5 23. b5 cxb5 24. Qc1 Rfc8 25. Nxc8 Rxc8 26. Qa3 h4 27. Qxa7 Bxc5 28.
Qa6 fxg3 29. hxg3 Rf8 30. gxh4 gxh4 31. Kh1 Nb6 32. Be3 Bxe3 33. Rxe3 Nc4 34.
Re4 h3 35. Bf3 Bc8 36. Qxb5 Nd6 37. Qh5 Nxe4 38. Rg1 Nf6 39. Qxh3 Qxg1+ 40.
Kxg1 Bd7 41. Bc6 Bc8 42. a4 Kf7 43. Qe3 Rg8+ 44. Kf1 Ba6+ 45. Ke1 Rg1+ 46. Kd2
Bc4 47. a5 Ra1 48. Qf4 Bf1 49. Kc2 Ra3 50. Kb2 1-0

[Event "22PCR_F"]
[Site "?"]
[Date "2010.??.??"]
[Round "?"]
[White "Chvojka, Jaroslav"]
[Black "Bultman, Milan"]
[Result "0-1"]
[WhiteElo "2132"]
[BlackElo "2105"]
[PlyCount "108"]
[EventDate "2010.??.??"]
[EventType "corr"]

1. d4 Nf6 2. c4 g6 3. Nc3 Bg7 4. e4 d6 5. Nf3 O-O 6. Be2 e5 7. dxe5 dxe5 8.
Qxd8 Rxd8 9. Bg5 Nbd7 10. Rd1 Rf8 11. Nd2 c6 12. Be3 Re8 13. Nb3 a5 14. a4 Bf8
15. g4 Bb4 16. f3 Nf8 17. Kf2 Ne6 18. Kg3 Nd7 19. Na2 Be7 20. h4 Ndc5 21. Nxc5
Bxc5 22. Bxc5 Nxc5 23. Nc1 Nxa4 24. Nd3 Nb6 25. Rc1 Nd7 26. c5 Nf8 27. Kf2 f6
28. Rc3 Ne6 29. Ra3 Nd4 30. g5 Kg7 31. Rha1 Be6 32. Rxa5 Rxa5 33. Rxa5 Bc4 34.
Bf1 fxg5 35. hxg5 Kf8 36. b4 Ne6 37. Nxe5 Bxf1 38. Kxf1 Nxg5 39. Nc4 Nxf3 40.
Nd6 Re7 41. Kf2 Ne5 42. Ra8+ Kg7 43. Rb8 h5 44. Nxb7 h4 45. Nd8 Ra7 46. b5 cxb5
47. c6 Kf6 48. Rxb5 Ra2+ 49. Ke3 Rc2 50. c7 Rxc7 51. Rb6+ Ke7 52. Re6+ Kxd8 53.
Rxe5 Rc3+ 54. Kf2 Rg3 0-1

[Event "22PCR_F"]
[Site "?"]
[Date "2010.??.??"]
[Round "?"]
[White "Slavik, Miroslav"]
[Black "Bultman, Milan"]
[Result "0-1"]
[WhiteElo "2263"]
[BlackElo "2105"]
[PlyCount "114"]
[EventDate "2010.??.??"]
[EventType "corr"]

1. d4 Nf6 2. c4 g6 3. Nc3 Bg7 4. e4 d6 5. Nf3 O-O 6. Be2 e5 7. d5 a5 8. O-O Na6
9. Be3 Nh5 10. Nd2 Nf4 11. Bg4 Bxg4 12. Qxg4 f5 13. exf5 gxf5 14. Qg3 Ng6 15.
f4 Nb4 16. fxe5 Bxe5 17. Qh3 Nc2 18. Bh6 Nxa1 19. Bxf8 Qxf8 20. Rxa1 Nf4 21.
Qf3 Qh6 22. Nf1 Kh8 23. Ng3 Ng6 24. Qxf5 a4 25. a3 Qd2 26. Rb1 Rf8 27. Qe4 Qf2+
28. Kh1 Bxg3 29. hxg3 Qxg3 30. Ne2 Qf2 31. Qd4+ Ne5 32. Qxf2 Rxf2 33. Nc3 Nxc4
34. Nxa4 Rc2 35. Re1 Ne5 36. Rb1 Ng4 37. Nc3 Kg7 38. Nb5 Ne3 39. Nc3 Kf6 40.
Re1 Nxg2 41. Re6+ Kf7 42. a4 Nf4 43. Re4 Nd3 44. Rc4 Nc5 45. Rh4 Kg6 46. Nb5
Nd7 47. Rg4+ Kf7 48. Rf4+ Nf6 49. Rf3 Ke7 50. Rd3 h5 51. Rc3 Rxc3 52. Nxc3 Nd7
53. a5 Nb8 54. Kg2 Kf6 55. Kg3 Ke5 56. Kh4 Na6 57. Kxh5 Nb4 0-1

[Event "22PCR_F"]
[Site "?"]
[Date "2010.??.??"]
[Round "?"]
[White "Struzka, Vlastimil"]
[Black "Slavik, Miroslav"]
[Result "0-1"]
[WhiteElo "2235"]
[BlackElo "2263"]
[PlyCount "122"]
[EventDate "2010.??.??"]
[EventType "corr"]

1. d4 Nf6 2. c4 e6 3. Nc3 d5 4. Nf3 Nbd7 5. e3 c6 6. Bd3 Bd6 7. O-O O-O 8. Qc2
dxc4 9. Bxc4 e5 10. h3 Qe7 11. b3 Bb4 12. Bb2 e4 13. Ne5 Nb6 14. Be2 Bf5 15. g4
Bxc3 16. Qxc3 Be6 17. Qc5 Qd8 18. Qc2 Re8 19. Ba3 a5 20. Rfe1 Nbd5 21. Bb2 Nb4
22. Qd2 Nd7 23. Nxd7 Qxd7 24. a3 Nd5 25. f4 f5 26. g5 Qf7 27. b4 axb4 28. axb4
Rec8 29. Rec1 Qd7 30. Ra5 b6 31. Raa1 Bf7 32. Kh2 Qe8 33. Bc4 Kh8 34. Be2 Qd7
35. Bc3 Qd6 36. Ba6 Rc7 37. Bf1 Rca7 38. Rxa7 Rxa7 39. b5 cxb5 40. Bxb5 h6 41.
g6 Qxg6 42. Bb2 Qd6 43. h4 Kh7 44. Bc4 b5 45. Bxd5 Bxd5 46. Qe2 Qe7 47. Kh3 Qe8
48. Ra1 Rb7 49. Ra5 Bc4 50. Qf2 Qh5 51. Ra1 Rc7 52. Rc1 Ra7 53. Rc2 Bd3 54. Rd2
Ra6 55. d5 Rg6 56. Bd4 Rg4 57. Rd1 g5 58. fxg5 f4 59. g6+ Qxg6 60. Kh2 Qh5 61.
Bf6 f3 0-1

[Event "22PCR_F"]
[Site "?"]
[Date "2010.??.??"]
[Round "?"]
[White "Slavik, Miroslav"]
[Black "Chvojka, Jaroslav"]
[Result "1-0"]
[WhiteElo "2263"]
[BlackElo "2132"]
[PlyCount "139"]
[EventDate "2010.??.??"]
[EventType "corr"]

1. e4 e5 2. Nf3 Nc6 3. Bc4 Bc5 4. O-O Nf6 5. d3 O-O 6. Nc3 d6 7. Na4 Bb6 8. c3
h6 9. Nxb6 axb6 10. a3 Re8 11. Re1 Be6 12. Bxe6 fxe6 13. Qe2 d5 14. b4 b5 15.
Qc2 Qd6 16. Bb2 Nd7 17. c4 bxc4 18. dxc4 d4 19. c5 Qe7 20. b5 Na5 21. c6 bxc6
22. bxc6 Nb8 23. Nxe5 Qd6 24. f4 Nbxc6 25. Nf3 Qxf4 26. Nxd4 Ne5 27. Rf1 Qe3+
28. Kh1 Nac4 29. Nf3 Qd3 30. Rfc1 Ne3 31. Qc3 Qe2 32. Rg1 Rab8 33. Nxe5 Qxb2
34. Qxc7 Kh7 35. Nf3 Rf8 36. Qg3 Qb3 37. Nd4 Qc3 38. Nxe6 Rfc8 39. Rac1 Nc2 40.
Qxc3 Rxc3 41. Nd4 Rbc8 42. Nxc2 Rxc2 43. Rxc2 Rxc2 44. Ra1 Rc4 45. a4 Rxe4 46.
a5 Re7 47. a6 Ra7 48. h4 Kg6 49. g4 Kf6 50. Kg2 Ke5 51. h5 Kf4 52. Ra4+ Ke5 53.
Kg3 Ke6 54. Ra5 Kf7 55. Kf4 Ke6 56. Ke4 Ke7 57. Ke5 Kd7 58. Rd5+ Kc6 59. Ke6
Rc7 60. Rd6+ Kc5 61. Rd7 Rc6+ 62. Kf7 Rxa6 63. Kxg7 Re6 64. g5 hxg5 65. h6 Kc6
66. Rf7 Re8 67. h7 Kd5 68. Rf5+ Ke4 69. Rxg5 Rb8 70. h8=Q 1-0

[Event "22PCR_F"]
[Site "?"]
[Date "2010.??.??"]
[Round "?"]
[White "Urban, Miroslav"]
[Black "Chvojka, Jaroslav"]
[Result "1-0"]
[WhiteElo "2231"]
[BlackElo "2132"]
[PlyCount "141"]
[EventDate "2010.??.??"]
[EventType "corr"]

1. c4 Nf6 2. Nc3 c5 3. Nf3 Nc6 4. d4 cxd4 5. Nxd4 g6 6. e4 d6 7. f3 Bg7 8. Be3
O-O 9. Be2 Nh5 10. Nxc6 bxc6 11. Qd2 Qa5 12. O-O Rb8 13. Rfc1 Be6 14. Rab1 Rfe8
15. b3 Rb7 16. Rc2 f5 17. Bd3 f4 18. Ne2 Qxd2 19. Bxd2 Rf8 20. c5 Rd7 21. Be1
d5 22. b4 Rfd8 23. a4 Kf7 24. b5 dxe4 25. Bxe4 Rd1 26. Rcc1 Rxc1 27. Rxc1 cxb5
28. axb5 Bb2 29. Rb1 Be5 30. Bc3 Bxc3 31. Nxc3 Nf6 32. Bc6 Rc8 33. Ra1 Rc7 34.
Ne2 g5 35. Nd4 Bd7 36. Rc1 Bxc6 37. Nxc6 Nd7 38. Nd8+ Kf6 39. c6 Nf8 40. Rd1
Rc8 41. g3 Ne6 42. Nxe6 Kxe6 43. Ra1 fxg3 44. hxg3 Rc7 45. Kg2 h5 46. Rh1 Kd6
47. Rxh5 a6 48. bxa6 Rxc6 49. Rh6+ e6 50. a7 Ra6 51. Rh7 Ra2+ 52. Kh3 Ra4 53.
Rg7 Kc6 54. f4 gxf4 55. g4 e5 56. g5 e4 57. g6 e3 58. Re7 f3 59. Rxe3 Rxa7 60.
Rxf3 Rg7 61. Rf6+ Kd5 62. Kg4 Ra7 63. Kg5 Ke5 64. Rf8 Kd6 65. Kf6 Ra1 66. Rd8+
Kc7 67. Rd5 Ra6+ 68. Kf7 Ra7 69. Rg5 Kd8+ 70. Kf8 Kd7 71. g7 1-0

[Event "22PCR_F"]
[Site "?"]
[Date "2010.??.??"]
[Round "?"]
[White "Urban, Miroslav"]
[Black "Struzka, Vlastimil"]
[Result "1-0"]
[WhiteElo "2231"]
[BlackElo "2235"]
[PlyCount "199"]
[EventDate "2010.??.??"]
[EventType "corr"]

1. Nf3 Nf6 2. c4 c5 3. Nc3 Nc6 4. e3 e5 5. Be2 d5 6. d4 e4 7. Ne5 cxd4 8. exd4
dxc4 9. Qa4 Be7 10. Nxc6 bxc6 11. Qxc6+ Bd7 12. Qa6 O-O 13. O-O Rc8 14. Bxc4
Rc6 15. Qa4 Rc8 16. Bb5 Bxb5 17. Qxb5 Qxd4 18. Be3 Qd6 19. Rad1 a6 20. Qf5 Qb4
21. Rd2 Rcd8 22. Rfd1 Rxd2 23. Rxd2 h6 24. h3 Re8 25. g3 Qb7 26. a3 Rc8 27. Qe5
Qc7 28. Qxc7 Rxc7 29. Bd4 Rd7 30. b4 Bd8 31. Be3 Rxd2 32. Bxd2 Kf8 33. Be3 Ke7
34. Bc5+ Ke6 35. Bf8 Ne8 36. Nxe4 f5 37. Nc5+ Kf7 38. Nb7 Bf6 39. Bc5 Ke6 40.
Be3 Kd5 41. Nc5 Nc7 42. Bf4 Be5 43. Bxe5 Kxe5 44. h4 g5 45. h5 Kd5 46. Kf1 a5
47. Nd3 axb4 48. Nxb4+ Kd6 49. Nc2 Ne8 50. Nd4 Ke5 51. Nf3+ Kd5 52. Nxg5 hxg5
53. h6 Nf6 54. a4 Kc5 55. Ke2 Kb4 56. f3 f4 57. gxf4 gxf4 58. Kd3 Kxa4 59. Kd4
Kb3 60. Ke5 Ng4+ 61. fxg4 f3 62. h7 f2 63. h8=Q f1=Q 64. Qb8+ Kc4 65. g5 Qe2+
66. Kf6 Qf3+ 67. Kg7 Qe4 68. Qd6 Qb7+ 69. Kf6 Qf3+ 70. Ke7 Qb7+ 71. Qd7 Qb4+
72. Kf7 Kb3 73. g6 Qf4+ 74. Kg8 Qb8+ 75. Kh7 Qh2+ 76. Kg7 Qg3 77. Qb7+ Ka4 78.
Qa6+ Kb4 79. Qb6+ Ka3 80. Kg8 Qe5 81. g7 Qe8+ 82. Kh7 Qh5+ 83. Qh6 Qf5+ 84. Kh8
Qe5 85. Qg6 Qh2+ 86. Kg8 Kb2 87. Qb6+ Ka2 88. Qd4 Kb3 89. Kf8 Qb8+ 90. Kf7 Qb7+
91. Ke6 Qc6+ 92. Ke5 Qe8+ 93. Kf4 Qf7+ 94. Kg3 Qc7+ 95. Kg2 Qc6+ 96. Kf2 Qc2+
97. Ke3 Qc1+ 98. Ke2 Qc2+ 99. Qd2 Qc8 100. Qd5+ 1-0

[Event "22PCR_F"]
[Site "?"]
[Date "2010.??.??"]
[Round "?"]
[White "Goc, Pavel"]
[Black "Urban, Miroslav"]
[Result "0-1"]
[WhiteElo "2154"]
[BlackElo "2231"]
[PlyCount "110"]
[EventDate "2010.??.??"]
[EventType "corr"]

1. e4 d5 2. exd5 Nf6 3. d4 Qxd5 4. Nc3 Qa5 5. Nf3 c6 6. Bc4 Bf5 7. Ne5 e6 8. g4
Bg6 9. h4 Nbd7 10. Nxd7 Nxd7 11. h5 Be4 12. O-O Bd5 13. Nxd5 cxd5 14. Bd3 Bd6
15. c3 a6 16. Re1 Qd8 17. g5 Qe7 18. Qg4 O-O-O 19. Bf4 Bxf4 20. Qxf4 h6 21. g6
Rhf8 22. c4 fxg6 23. Qg3 Nb8 24. Rac1 Nc6 25. hxg6 Rf6 26. Rc3 Qd6 27. Qxd6
Rxd6 28. cxd5 exd5 29. Re8+ Rd8 30. Re7 Rd7 31. Re8+ Kc7 32. b4 Kd6 33. b5 axb5
34. Bxb5 Rxg6+ 35. Kf1 Rg4 36. Bxc6 bxc6 37. Rc8 Rc7 38. Rd8+ Ke6 39. Re3+ Kf5
40. Rf8+ Kg5 41. Rg3 Rxg3 42. fxg3 Ra7 43. Rc8 Ra6 44. Rc7 g6 45. Kf2 Kg4 46.
a4 g5 47. a5 h5 48. Rc8 Rxa5 49. Rxc6 Ra2+ 50. Ke3 Kxg3 51. Rc5 h4 52. Rxd5 g4
53. Rh5 h3 54. d5 Ra1 55. d6 Rd1 0-1

[Event "22PCR_F"]
[Site "?"]
[Date "2010.??.??"]
[Round "?"]
[White "Chvojka, Jaroslav"]
[Black "Struzka, Vlastimil"]
[Result "1/2-1/2"]
[WhiteElo "2132"]
[BlackElo "2235"]
[PlyCount "122"]
[EventDate "2010.??.??"]
[EventType "corr"]

1. d4 d5 2. c4 e6 3. Nf3 Nf6 4. Nc3 Be7 5. g3 O-O 6. Bg2 dxc4 7. Qa4 a6 8. Qxc4
b5 9. Qb3 Bb7 10. O-O Nbd7 11. Ne5 Bxg2 12. Kxg2 Nxe5 13. dxe5 Nd7 14. f4 Nc5
15. Qb4 Qd7 16. Be3 Na4 17. Qb3 Nxc3 18. Qxc3 c5 19. Bf2 Rfd8 20. Qf3 Rab8 21.
b3 c4 22. Rac1 cxb3 23. axb3 a5 24. Rfd1 Qe8 25. Rxd8 Rxd8 26. Bb6 Ra8 27. Ra1
a4 28. Bc7 a3 29. Bd6 Bf8 30. Ra2 b4 31. Qe4 Bxd6 32. exd6 Rb8 33. Rd2 Qd7 34.
Qc4 h6 35. Qc7 Rb7 36. Qc5 Kh7 37. Qd4 Rb8 38. Kf3 Qb5 39. d7 Rd8 40. g4 Kg8
41. Kf2 Qb7 42. h3 f6 43. h4 Kf7 44. h5 Qc7 45. Kg2 Qc6+ 46. Kf2 Qb7 47. f5 Qc6
48. fxe6+ Qxe6 49. Qxb4 Rxd7 50. Rxd7+ Qxd7 51. Qxa3 Qxg4 52. Qc5 Ke8 53. b4
Qh4+ 54. Kf3 Qh1+ 55. Ke3 Qe1 56. Qc8+ Ke7 57. Qc7+ Ke6 58. Qc4+ Kd6 59. b5
Qg3+ 60. Kd2 Qg5+ 61. Kd3 Qf5+ 1/2-1/2

[Event "22PCR_F"]
[Site "?"]
[Date "2010.??.??"]
[Round "?"]
[White "Chvojka, Jaroslav"]
[Black "Urban, Miroslav"]
[Result "1/2-1/2"]
[WhiteElo "2132"]
[BlackElo "2231"]
[PlyCount "132"]
[EventDate "2010.??.??"]
[EventType "corr"]

1. d4 Nf6 2. c4 e6 3. Nf3 b6 4. g3 Bb7 5. Bg2 Be7 6. O-O O-O 7. Nc3 Ne4 8. Qd3
Nxc3 9. Qxc3 c5 10. Bf4 d6 11. Rad1 Nc6 12. Qd3 Bf6 13. d5 exd5 14. Qxd5 Bxb2
15. Ng5 h6 16. Ne6 fxe6 17. Qxe6+ Rf7 18. Rxd6 Qe8 19. Bxc6 Qxe6 20. Rxe6 Bxc6
21. Rxc6 Re8 22. Re1 Re4 23. e3 Rxc4 24. Re2 Bc1 25. Kg2 Rd7 26. Kf3 Kf7 27. h4
Ra4 28. Bd6 Ba3 29. Rc2 Ke8 30. h5 Rb7 31. Bf4 b5 32. e4 c4 33. Be3 Kd7 34. Rg6
Bf8 35. e5 Ke8 36. e6 Ra3 37. Ke2 Rc7 38. Bd4 Rd3 39. Be5 Rc5 40. f4 a5 41. Kf2
c3 42. Ke2 Rdd5 43. g4 Rxe5+ 44. fxe5 b4 45. Ke3 Rd5 46. g5 Rxe5+ 47. Kf4 Bd6
48. Kg4 Rxg5+ 49. Rxg5 hxg5 50. Kxg5 a4 51. Kf5 Bc7 52. Ke4 Ba5 53. Kd4 b3 54.
axb3 axb3 55. Rxc3 Bxc3+ 56. Kxc3 Ke7 57. Kxb3 Kxe6 58. h6 gxh6 59. Kc2 Kf5 60.
Kd1 Kf4 61. Ke1 Kf3 62. Kf1 h5 63. Kg1 Kg3 64. Kf1 h4 65. Kg1 h3 66. Kh1 h2
1/2-1/2

[Event "22PCR_F"]
[Site "?"]
[Date "2010.??.??"]
[Round "?"]
[White "Cvak, Rudolf"]
[Black "Slavik, Miroslav"]
[Result "1/2-1/2"]
[WhiteElo "2080"]
[BlackElo "2263"]
[PlyCount "109"]
[EventDate "2010.??.??"]
[EventType "corr"]

1. e4 c6 2. d4 d5 3. exd5 cxd5 4. c3 Nf6 5. Bf4 Nc6 6. Nf3 Bf5 7. Na3 a6 8. Ne5
e6 9. g4 Bxa3 10. bxa3 Nxe5 11. gxf5 Nc6 12. Bd3 Qa5 13. Qd2 Ne4 14. Bxe4 dxe4
15. fxe6 fxe6 16. Rb1 e5 17. Be3 exd4 18. cxd4 Qxd2+ 19. Kxd2 O-O-O 20. Rbc1
Rd5 21. Rhg1 g6 22. Rg5 Rhd8 23. h4 R8d6 24. Kc3 h5 25. Rxd5 Rxd5 26. a4 Ne7
27. Re1 Nf5 28. Kc4 Rd7 29. Rh1 b6 30. Rb1 Kb7 31. d5 Rc7+ 32. Kb3 a5 33. Rh1
Kc8 34. Rb1 Nxh4 35. Bxb6 Rb7 36. Rc1+ Kb8 37. Rc6 Nf3 38. Rxg6 Rh7 39. Bxa5 h4
40. Bb4 h3 41. Bd6+ Ka7 42. Kb4 h2 43. Bxh2 Rxh2 44. Re6 Nd2 45. Re7+ Ka6 46.
Re8 Ka7 47. a5 Rxf2 48. Re7+ Ka6 49. Re6+ Kb7 50. a6+ Ka7 51. Kb5 Nf3 52. Re7+
Kb8 53. a7+ Ka8 54. d6 Rb2+ 55. Kc6 1/2-1/2

[Event "22PCR_F"]
[Site "?"]
[Date "2010.??.??"]
[Round "?"]
[White "Fejfar, Vlastimil"]
[Black "Goc, Pavel"]
[Result "1/2-1/2"]
[WhiteElo "2186"]
[BlackElo "2154"]
[PlyCount "150"]
[EventDate "2010.??.??"]
[EventType "corr"]

1. e4 e5 2. Nf3 Nc6 3. Bb5 a6 4. Ba4 Nf6 5. O-O b5 6. Bb3 Bb7 7. d3 Be7 8. Re1
O-O 9. a4 d6 10. Nc3 Na5 11. Ba2 b4 12. Ne2 c5 13. Bd2 Rb8 14. Ng3 Bc8 15. h3
Be6 16. Bxe6 fxe6 17. Be3 Nd7 18. c3 Nc6 19. Qb3 d5 20. exd5 bxc3 21. Qc2 Nb4
22. Qxc3 exd5 23. Rad1 Nc6 24. Re2 Qb6 25. Ra1 Bd6 26. Qc2 Nd4 27. Bxd4 cxd4
28. a5 Qb5 29. Rd1 Rbc8 30. Qd2 h6 31. Rb1 Rxf3 32. gxf3 Rf8 33. Qd1 Nc5 34.
Rd2 Ne6 35. h4 Qxa5 36. Ra1 Qb5 37. Qa4 Nc5 38. Qxb5 axb5 39. Rad1 Rxf3 40. Kg2
Rf4 41. Rh1 Be7 42. Re1 Bd6 43. Rh1 Nb3 44. Rc2 Nc5 45. Rd2 Be7 46. Re1 Nd7 47.
Ra1 Bb4 48. Rdd1 Nc5 49. Ra8+ Rf8 50. Ra7 Ne6 51. Rb7 Nf4+ 52. Kf1 h5 53. b3
Kh7 54. f3 Ng6 55. Ke2 Kh6 56. Rb6 Bc5 57. Ra6 Be7 58. Rg1 Bf6 59. Nf5+ Kh7 60.
b4 Rf7 61. Rc1 Bd8 62. Rc8 Rxf5 63. Rxd8 Nxh4 64. Rxd5 Ng2 65. Rxb5 Nf4+ 66.
Kd2 h4 67. Ra1 Rg5 68. Kc2 Rg2+ 69. Kb3 Nxd3 70. Rh1 g5 71. Rb6 Rb2+ 72. Kc4
Nf4 73. Rc6 Rc2+ 74. Kb5 d3 75. Ra1 h3 1/2-1/2

[Event "22PCR_F"]
[Site "?"]
[Date "2010.??.??"]
[Round "?"]
[White "Urban, Miroslav"]
[Black "Cvak, Rudolf"]
[Result "1-0"]
[WhiteElo "2231"]
[BlackElo "2080"]
[PlyCount "93"]
[EventDate "2010.??.??"]
[EventType "corr"]

1. c4 e5 2. Nc3 Nf6 3. Nf3 Nc6 4. e4 Bb4 5. d3 O-O 6. a3 Bxc3+ 7. bxc3 d6 8.
Bg5 Qe7 9. Be2 h6 10. Bh4 Rb8 11. O-O Nd8 12. Ne1 Ne6 13. Nc2 Nf4 14. Ne3 c6
15. a4 Re8 16. Bf3 Ng6 17. Bg3 Nf4 18. Re1 Qc7 19. d4 Be6 20. Nf5 Ng6 21. c5
dxc5 22. dxe5 Nd7 23. Bh5 Ngxe5 24. Qd6 Qd8 25. Nxg7 Kxg7 26. Bxe5+ Nxe5 27.
Qxe5+ Qf6 28. Qxc5 b6 29. Qe3 Qg5 30. Bf3 Red8 31. e5 c5 32. Qe2 Qd2 33. Qa6
Rd7 34. Re3 Qb2 35. Rf1 Rg8 36. Be2 Qa2 37. f4 Kh8 38. f5 Bb3 39. Rg3 Rxg3 40.
hxg3 Rd2 41. Rf2 Qa1+ 42. Kh2 Qxc3 43. Qc8+ Kh7 44. Qf8 Qd4 45. e6 Qf6 46. e7
Bd5 47. Qd8 1-0

[Event "22PCR_F"]
[Site "?"]
[Date "2010.??.??"]
[Round "?"]
[White "Slavik, Miroslav"]
[Black "Cvak, Rudolf"]
[Result "0-1"]
[WhiteElo "2263"]
[BlackElo "2080"]
[PlyCount "96"]
[EventDate "2010.??.??"]
[EventType "corr"]

1. d4 Nf6 2. c4 g6 3. Nc3 Bg7 4. e4 d6 5. Be2 O-O 6. Nf3 e5 7. d5 a5 8. O-O Na6
9. Be3 Ng4 10. Bg5 f6 11. Bh4 Qe8 12. Ne1 f5 13. Bxg4 fxg4 14. Bg5 Bd7 15. Qd2
Rf7 16. b3 Nc5 17. Nd3 Nxd3 18. Qxd3 Qf8 19. Qd2 b6 20. Nb5 h6 21. Be3 Be8 22.
Qe2 h5 23. a3 Bh6 24. Qd2 Bf4 25. Bxf4 exf4 26. f3 gxf3 27. Rxf3 Bxb5 28. cxb5
g5 29. Re1 g4 30. Rff1 Re8 31. Kh1 Kh7 32. Qc2 Kg7 33. Qc1 Kg6 34. Qb1 Re5 35.
b4 axb4 36. Qxb4 f3 37. Qc4 h4 38. Qd3 Kg5 39. Qd2+ Kh5 40. Qd1 Rg5 41. Qc2 h3
42. g3 Qe8 43. Rb1 Re5 44. Rb4 Rfe7 45. Re1 Rxd5 46. a4 Rc5 47. Qb2 Ree5 48.
Kg1 Qe6 0-1

[Event "22PCR_F"]
[Site "?"]
[Date "2010.??.??"]
[Round "?"]
[White "Struzka, Vlastimil"]
[Black "Fejfar, Vlastimil"]
[Result "1-0"]
[WhiteElo "2235"]
[BlackElo "2186"]
[PlyCount "99"]
[EventDate "2010.??.??"]
[EventType "corr"]

1. d4 Nf6 2. Nf3 d5 3. Bf4 c5 4. e3 Nc6 5. Nc3 c4 6. Be2 e6 7. O-O Bb4 8. Ne5
Nxe5 9. Bxe5 O-O 10. f3 Nh5 11. h3 f6 12. Bh2 f5 13. a3 Bd6 14. Bxd6 Qxd6 15.
f4 Ng3 16. Re1 Bd7 17. Bf3 Rf6 18. Ne2 Ne4 19. Bxe4 fxe4 20. Nc3 Raf8 21. Qd2
Qe7 22. Kh2 Rh6 23. Rf1 b5 24. Nd1 Rg6 25. g3 h5 26. Qa5 Bc6 27. b4 h4 28. g4
a6 29. Nc3 Qb7 30. a4 Rgf6 31. axb5 Bxb5 32. g5 R6f7 33. Nxb5 axb5 34. Qa6 Re7
35. Qd6 Qd7 36. Qxd7 Rxd7 37. Ra6 Kf7 38. Rfa1 Rb8 39. Rc6 Re7 40. Raa6 Rbb7
41. Ra5 Re8 42. Rc5 Reb8 43. Ra6 Rd7 44. Kg2 g6 45. Rcc6 Re7 46. Kf2 Ree8 47.
Ke2 Re7 48. Kd2 Rbb7 49. Kc3 Rb8 50. Kb2 1-0

[Event "22PCR_F"]
[Site "?"]
[Date "2010.??.??"]
[Round "?"]
[White "Bultman, Milan"]
[Black "Slavik, Miroslav"]
[Result "1/2-1/2"]
[WhiteElo "2105"]
[BlackElo "2263"]
[PlyCount "76"]
[EventDate "2010.??.??"]
[EventType "corr"]

1. d4 d5 2. Nf3 Nf6 3. c4 e6 4. Nc3 Nbd7 5. cxd5 exd5 6. Bf4 c6 7. Qc2 Be7 8.
h3 O-O 9. e3 Ne4 10. Bd3 Ndf6 11. O-O Re8 12. Nxe4 dxe4 13. Bxe4 Nxe4 14. Qxe4
Bd6 15. Qd3 Bxf4 16. exf4 Qd5 17. Rfe1 Bf5 18. Rxe8+ Rxe8 19. Qa3 a5 20. Qc5 f6
21. Qxd5+ cxd5 22. g4 Bd3 23. Rd1 Ba6 24. Re1 Rc8 25. Re6 Bd3 26. Rb6 Rc1+ 27.
Kh2 Rd1 28. Nh4 Bc2 29. Rxb7 Rxd4 30. Kg3 a4 31. Rb8+ Kf7 32. a3 Rd3+ 33. Kg2
Rd1 34. Rb7+ Kf8 35. Rb4 g6 36. Rb7 Kg8 37. g5 f5 38. Rb8+ Kg7 1/2-1/2

[Event "22PCR_F"]
[Site "?"]
[Date "2010.??.??"]
[Round "?"]
[White "Goc, Pavel"]
[Black "Cvak, Rudolf"]
[Result "0-1"]
[WhiteElo "2154"]
[BlackElo "2080"]
[PlyCount "102"]
[EventDate "2010.??.??"]
[EventType "corr"]

1. d4 Nf6 2. Nf3 g6 3. Bg5 Bg7 4. Nbd2 O-O 5. c3 h6 6. Bxf6 Bxf6 7. e3 d5 8.
Bd3 c5 9. O-O c4 10. Bc2 Nc6 11. e4 e6 12. Re1 b5 13. exd5 exd5 14. Nf1 Qd6 15.
Qd2 Bg7 16. Re3 Rb8 17. Rae1 b4 18. Ba4 bxc3 19. bxc3 Nd8 20. Bd1 h5 21. Re8
Be6 22. Rxf8+ Bxf8 23. Ne5 Nc6 24. g4 hxg4 25. Bxg4 Nxe5 26. dxe5 Qd7 27. Bxe6
Qxe6 28. Ne3 Rd8 29. Qd4 Bg7 30. Ng2 Qb6 31. Ne3 Qxd4 32. cxd4 Bh6 33. Rb1 Bxe3
34. fxe3 f6 35. exf6 Kf7 36. Kf2 Kxf6 37. Rb7 Rc8 38. Ke2 Rh8 39. Rxa7 Rxh2+
40. Kf3 Rh3+ 41. Kf2 Kf5 42. Re7 g5 43. a4 c3 44. Ke2 Rh2+ 45. Kd1 g4 46. Re5+
Kg6 47. Rxd5 g3 48. Rd8 g2 49. Rg8+ Kf5 50. a5 Ke4 51. a6 Kd3 0-1

[Event "22PCR_F"]
[Site "?"]
[Date "2010.??.??"]
[Round "?"]
[White "Goc, Pavel"]
[Black "Struzka, Vlastimil"]
[Result "1-0"]
[WhiteElo "2154"]
[BlackElo "2235"]
[PlyCount "135"]
[EventDate "2010.??.??"]
[EventType "corr"]

1. d4 Nf6 2. Nf3 d5 3. e3 e6 4. Bd3 c5 5. c3 Nc6 6. Nbd2 c4 7. Bc2 Be7 8. O-O
Qc7 9. e4 b5 10. Re1 Bb7 11. e5 Nd7 12. Nf1 h6 13. Ne3 b4 14. Bd2 a5 15. h3 O-O
16. Ng4 h5 17. Ngh2 g6 18. Bg5 Qd8 19. Qd2 Re8 20. g4 h4 21. Bxe7 Qxe7 22. Qh6
Qf8 23. Qxh4 a4 24. a3 b3 25. Bd1 Kg7 26. Ng5 Qh8 27. Qg3 Re7 28. f4 Rg8 29.
Bf3 Qh6 30. Bg2 Ree8 31. Nhf3 Nf8 32. Kf2 Nh7 33. h4 Rh8 34. f5 gxf5 35. gxf5
Kf8 36. fxe6 Nxg5 37. Nxg5 fxe6 38. Re3 Ke7 39. Rf3 Nd8 40. Rh1 Kd7 41. Bh3 Kc6
42. Bg4 Qg6 43. Kg2 Reg8 44. Rf6 Qc2+ 45. Qf2 Bc8 46. Rh2 Qb1 47. Kg3 Rg7 48.
Qf1 Qxf1 49. Rxf1 Kd7 50. Rf6 Ke7 51. Kf4 Rhg8 52. Bf3 Bd7 53. Rg2 Rh8 54. h5
Be8 55. Rh2 Rgg8 56. h6 Rf8 57. Rxf8 Kxf8 58. Bd1 Bd7 59. Kg3 Ke7 60. h7 Kf8
61. Rf2+ Kg7 62. Rf6 Re8 63. Bh5 Rh8 64. Bf7 Rxh7 65. Rg6+ Kf8 66. Rg8+ Ke7 67.
Nxh7 Nxf7 68. Rg7 1-0

[Event "22PCR_F"]
[Site "?"]
[Date "2010.??.??"]
[Round "?"]
[White "Goc, Pavel"]
[Black "Bultman, Milan"]
[Result "0-1"]
[WhiteElo "2154"]
[BlackElo "2105"]
[PlyCount "74"]
[EventDate "2010.??.??"]
[EventType "corr"]

1. d4 Nf6 2. Nf3 d5 3. e3 c5 4. c3 e6 5. Bd3 Nc6 6. Nbd2 Bd6 7. O-O O-O 8. dxc5
Bxc5 9. e4 Qc7 10. exd5 exd5 11. Nb3 Bd6 12. h3 Re8 13. Nbd4 a6 14. Bg5 Ne4 15.
Re1 Nxd4 16. cxd4 Qb6 17. Bxe4 Rxe4 18. Rxe4 dxe4 19. Nd2 Bf8 20. Qb3 Qxd4 21.
Re1 b5 22. Rxe4 Qd6 23. Bf4 Qc6 24. Qg3 Be6 25. Kh2 Rd8 26. Re2 Qc2 27. Qg5 Rd5
28. Ne4 Qxe2 29. Nf6+ Kh8 30. Nxd5 f6 31. Nxf6 gxf6 32. Qxf6+ Bg7 33. Qd8+ Bg8
34. Qb6 Qxb2 35. Qxa6 Qxf2 36. Bg3 Qc5 37. a4 b4 0-1

[Event "22PCR_F"]
[Site "?"]
[Date "2010.??.??"]
[Round "?"]
[White "Goc, Pavel"]
[Black "Chvojka, Jaroslav"]
[Result "1/2-1/2"]
[WhiteElo "2154"]
[BlackElo "2132"]
[PlyCount "77"]
[EventDate "2010.??.??"]
[EventType "corr"]

1. e4 e5 2. Nf3 Nc6 3. Bc4 Bc5 4. c3 Nf6 5. d4 exd4 6. cxd4 Bb4+ 7. Bd2 Nxe4 8.
Bxb4 Nxb4 9. Bxf7+ Kxf7 10. Qb3+ d5 11. Ne5+ Ke6 12. Qxb4 c5 13. Qa3 cxd4 14.
Nf3 Qb6 15. O-O Re8 16. Qa4 Kf7 17. Qxd4 Be6 18. Qxb6 axb6 19. Na3 Kf6 20. Rfe1
Bg4 21. Nd4 Nc5 22. f3 Rxe1+ 23. Rxe1 Bd7 24. Rd1 Ke5 25. g3 g5 26. Ne2 Bc6 27.
f4+ gxf4 28. Nxf4 Ra4 29. Kf2 b5 30. Ke3 d4+ 31. Ke2 Be4 32. Kd2 Ra6 33. Rc1 b6
34. h3 h6 35. Re1 Ra8 36. h4 Ra4 37. Rf1 Ra6 38. Re1 Ra4 39. Rf1 1/2-1/2

[Event "22PCR_F"]
[Site "?"]
[Date "2010.??.??"]
[Round "?"]
[White "Chvojka, Jaroslav"]
[Black "Vlacil, Vladimir"]
[Result "1-0"]
[WhiteElo "2132"]
[BlackElo "2125"]
[PlyCount "93"]
[EventDate "2010.??.??"]
[EventType "corr"]

1. d4 Nf6 2. c4 g6 3. Nc3 Bg7 4. e4 d6 5. Nf3 O-O 6. Be2 e5 7. dxe5 dxe5 8.
Qxd8 Rxd8 9. Bg5 Re8 10. Nd5 Nxd5 11. cxd5 c6 12. O-O-O cxd5 13. Bb5 Bd7 14.
Rxd5 Bxb5 15. Rxb5 Na6 16. Kb1 b6 17. Rd1 Nc5 18. Rb4 Na6 19. Ra4 Nc5 20. Rc4
f6 21. Be3 Ne6 22. Rd5 Rec8 23. Rxc8+ Rxc8 24. Rd6 Nc5 25. Nd2 Bf8 26. Bxc5
Rxc5 27. Rxf6 Bh6 28. Rd6 Kf7 29. b3 Ke7 30. Rd3 b5 31. Kb2 a6 32. Rc3 Kd6 33.
Rxc5 Kxc5 34. Nf3 Bg7 35. Ng5 Bh6 36. Nxh7 Kd4 37. Nf6 Bg7 38. Nd7 a5 39. b4
axb4 40. Kb3 Kxe4 41. Kxb4 Kd5 42. Kxb5 e4 43. Nb6+ Ke6 44. Kc4 Be5 45. a4 Bxh2
46. a5 Bb8 47. Kc5 1-0